Professional hairstyling / (Record no. 131497)

MARC details
000 -LEADER
fixed length control field 00677nam a22002177a 4500
005 - DATE AND TIME OF LATEST TRANSACTION
control field 20181116141103.0
010 ## - LCCN (DPL NO)
LC control number B-225099, B-225124 B-225121
020 ## - INTERNATIONAL STANDARD BOOK NUMBER
Terms of availability 145.00
International Standard Book Number 9788174765130
035 ## - SYSTEM CONTROL NUMBER
System control number B-225099, B-225119,B-225124 B-225121
037 ## - SOURCE OF ACQUISITION
Source of stock number/acquisition Cen Lib/Ret
082 ## - DEWEY DECIMAL CLASSIFICATION NUMBER
Classification number 646.7245
Item number JAW
100 ## - MAIN ENTRY--PERSONAL NAME
Personal name Jawed Habib
245 ## - TITLE STATEMENT
Title Professional hairstyling /
Statement of responsibility, etc by Jawed Habib
260 ## - PUBLICATION, DISTRIBUTION, ETC. (IMPRINT)
Place of publication, distribution, etc New Delhi
Name of publisher, distributor, etc UBS publishers
Date of publication, distribution, etc 2005
270 ## - ADDRESS
City New Delhi
Address 5 Ansari road
Postal code 110002
300 ## - PHYSICAL DESCRIPTION
Extent 170p.:
Dimensions 21cm(pbk)
Other physical details ill.
650 ## - SUBJECT ADDED ENTRY--TOPICAL TERM
Topical term or geographic name as entry element Hairdressing
650 ## - SUBJECT ADDED ENTRY--TOPICAL TERM
Topical term or geographic name as entry element Hair
General subdivision Care and hygiene
942 ## - ADDED ENTRY ELEMENTS (KOHA)
Source of classification or shelving scheme Dewey Decimal Classification
Item type English Books
Classification part 646.7245
Call number suffix JAW
Holdings
Withdrawn status Lost status Not for loan Home library Current library Date acquired Source of acquisition Cost, normal purchase price Full call number Barcode Copy number Cost, replacement price Koha item type Collection code
      Central Library Central Library 15/07/2015 Cen Lib/Ret 145.00 646.7245 JAW B-225099 1 145.00 English Books  
      R.C.Libraries (zls) R.C.Libraries (zls) 13/11/2018   145.00 646.7245 JAW B-225124 1 145.00 English Books Non-fiction
      R.C.Libraries (zls) R.C.Libraries (zls) 16/11/2018   145.00 646.7245 JAW B-225121   145.00 English Books Non-fiction
      Shahdara Branch Shahdara Branch 13/06/2018 BPPD/PUB 145.00 646.7245 JAW B-225119   145.00 English Books Non-fiction

© Delhi Public Library
Hit Counter
free hit counter